000 01459cam a22003857a 4500
003 CHAP
005 20220329134857.0
008 971013s1982 r 00010 d
010 _a27357
011 _a28329
035 _a32433
040 _cCHAP
082 _a630.72
_bI5c
110 _aINIA. México
_958464
245 0 _aCiclos de cultivo
_b: diagramas de las principales especies vegetales con las cuales se efectuan investigaciones agrícolas en México
260 _aMéxico, D.F. :
_bEl Instituto,
_c1982
300 _apág. varía
490 0 _aPublicación especial
_v; 90
590 _aBATCH-UPD
_b10
_c20130110
_lUCH01
_h1015
590 _aBATCH-UPD
_b10
_c20130410
_lUCH01
_h0622
590 _aBATCH-UPD
_b10
_c20130913
_lUCH01
_h2103
590 _aCONVERSION
_b10
_c20130109
_lUCH01
_h1316
650 1 4 _aAgricultura
_xInvestigación
_xMéxico.
_91643
650 1 4 _aCultivos
_xFisiología y morfología.
_930276
650 1 4 _aCultivos
_zMéxico.
_930363
830 0 _aPublicación especial
_v; 90
_992760
901 _aBK
942 _cLIBRO
949 _a630.72 I5c
_bBC
_cC
_d-151147
_eC
_fc.2
_h61699
_i32433
_si
949 _a630.72 I5c
_bBC
_cC
_d-151148
_eC
_fc.3
_h61790
_i32433
_si
949 _a630.72 I5c
_bBC
_cC
_d-151149
_eC
_fc.4
_h61924
_i32433
_si
949 _a630.72 I5c
_bBC
_cC
_d-151151
_eC
_fc.6
_h70775
_i32433
_si
949 _a630.72 I5c
_bBC
_cC
_d-75480
_eC
_h61310
_i32433
_si
949 _a630.72 I5c
_bBC
_cC
_d33724000892345
_eC
_fc.5
_h135203
_i32433
_si
999 _c27357
_d27357